The puppet people. (Record no. 10029)

000 -LEADER
fixed length control field 00568nam a2200181 a 4500
001 - CONTROL NUMBER
control field :::00007814$&:&@@
003 - CONTROL NUMBER IDENTIFIER
control field OkBaRHE
005 - DATE AND TIME OF LATEST TRANSACTION
control field 20000607103339.0
008 - FIXED-LENGTH DATA ELEMENTS--GENERAL INFORMATION
fixed length control field s1979 j 000 0 eng u
040 ## - CATALOGING SOURCE
Transcribing agency
100 1# - MAIN ENTRY--PERSONAL NAME
Personal name Zabriskie, Pat.
245 14 - TITLE STATEMENT
Title The puppet people.
260 ## - PUBLICATION, DISTRIBUTION, ETC. (IMPRINT)
Place of publication, distribution, etc Springfield, MO., :
Name of publisher, distributor, etc Gospel Publishing House
Date of publication, distribution, etc c1979
300 ## - PHYSICAL DESCRIPTION
Extent 63 p. ;
Dimensions 22 cm.
650 ## - SUBJECT ADDED ENTRY--TOPICAL TERM
Topical term or geographic name as entry element Puppets and Puppet-plays in Christian Education
942 ## - ADDED ENTRY ELEMENTS (KOHA)
Source of classification or shelving scheme
Koha item type Books
Copies
Shelving location Withdrawn status Barcode Full call number Copy number Price effective from Date last seen Damaged status Permanent Location Lost status Koha item type Date acquired Not for loan Source of classification or shelving scheme
General Stacks 7814BV 1535.9 .Z3212010-04-142010-04-14 RHEMA Bible Training College Books2010-04-14